000 00318nam a2200121Ia 4500
005 20251223131553.0
008 251219s9999 xx 000 0 und d
041 _aeng
100 _aPadamsee A
_9216013
245 _aLet me hijack your mind
260 _bPenguin random house /India
_c2022
300 _a229
_bHard Bound
999 _c369548
_d369548